|
|
|
|
| LEADER |
00000nab a2200000 a 4500 |
| 001 |
vtls000380661 |
| 003 |
SK-MaSNL |
| 005 |
20260304010533.0 |
| 008 |
040806c1990 xo 0 slo |
| 015 |
|
|
|a SNBRB19rr/mm-uuuuu
|
| 035 |
|
|
|a CL0380783
|
| 040 |
|
|
|a SNKBUCL
|b slo
|c SNKBUCL
|e AACR2
|
| 041 |
0 |
|
|a slo
|
| 044 |
|
|
|a xo
|c SK
|
| 080 |
|
|
|a 378.76.096:792
|2 1981
|
| 080 |
|
|
|a 792
|2 1981
|
| 100 |
1 |
|
|a Šimková, Soňa,
|d 1944-2024
|4 aut
|9 193945
|
| 245 |
1 |
0 |
|a Kriedový kruh?
|c Soňa Šimková, Milan Kňažko
|
| 600 |
1 |
7 |
|a Kňažko, Milan,
|d 1945-
|2 snkbucl
|9 102452
|
| 610 |
2 |
7 |
|a Vysoká škola múzických umení v Bratislave.
|b Divadelná fakulta
|2 snkbucl
|9 105624
|
| 655 |
|
7 |
|a rozhovory
|2 snkbucl
|9 31831
|
| 700 |
1 |
|
|a Kňažko, Milan,
|d 1945-
|4 aut
|9 102452
|
| 773 |
0 |
|
|t Dialóg
|g Roč. 2, č. 10 (1990), s. 3
|
| 850 |
|
|
|a Slovenská národná knižnica v Martine
|a MTA001
|
| 852 |
|
|
|a SNK
|b KIS3GCP
|
| 999 |
|
|
|c 2561403
|d 2563333
|